Improving employee safety performance

Bibliographic Details
Format: Book
Published: Chattanooga, Tenn. Tel-A-Train c1991
Series:Managing employee safety & health
Subjects:

MARC

LEADER 00000cam a2200000 7i4500
001 0000009937
008 021119n
090 0 0 |a T55 .I66 video 
245 0 0 |a Improving employee safety performance 
260 2 |a Chattanooga, Tenn.   |b Tel-A-Train  |c c1991 
300 |a 1 videocassette   |b sd., col. (22 min.) 
440 0 0 |a Managing employee safety & health 
650 0 |a Industrial safety  |x Management 
650 0 |a Safety education, Industrial 
999 |a 1000070219  |b Video Tape  |c Close Access  |e Gong Badak Campus